Perspectivas históricas del sacerdocio ministerial (Registro nro. 70497)
[ vista simple ]
| 000 -LÍDER | |
|---|---|
| Campo fijo de descripción fija | 01065nab a2200229 i 4500 |
| 001 - NÚMERO DE CONTROL | |
| Campo de control | 768714001 |
| 003 - IDENTIFICADOR DEL NÚMERO DE CONTROL | |
| Campo de control | CO-MdFUSB |
| 005 - FECHA Y HORA DE LA ULTIMA TRANSACCIÓN | |
| control field | 20240717093035.0 |
| 008 - ELEMENTOS DE LONGITUD FIJA -- INFORMACIÓN GENERAL | |
| Campo fijo de descripción fija -- Información general | 240717t1971 ck ||||| |||| 00| 0 spa d |
| 040 ## - FUENTE DE CATALOGACIÓN | |
| Idioma de catalogación | spa |
| Agencia que realiza la transcripción | CO-MdFUSB |
| Agencia que realiza la modificación | CO-MdFUSB |
| 041 ## - CÓDIGO DE IDIOMA | |
| Código de idioma para texto/pista de sonido o título separado | spa |
| 100 ## - ASIENTO PRINCIPAL--NOMBRE PERSONAL | |
| Nombre personal | Cárdenas, Eduardo, |
| Término relacionador | autor |
| 245 ## - TÍTULO | |
| Título | Perspectivas históricas del sacerdocio ministerial |
| Mención de responsabilidad | / SJ Eduardo Cárdenas |
| 520 ## - NOTA DE RESUMEN, ETC. | |
| Nota de sumario, etc. | La intensidad de la vida de la Iglesia antigua es la consideración principal en estas reflexiones, y luego se utiliza la existencia cristiana como referencia válida para el clero, en ese tiempo, donde la iglesia cumplía su vocación en una nueva forma histórica. |
| 650 #7 - ASIENTO SECUNDARIO DE MATERIA - TERMINO TEMÁTICO | |
| Término temático o nombre geográfico como elemento de entrada | Iglesia |
| 9 (RLIN) | 655 |
| 650 #7 - ASIENTO SECUNDARIO DE MATERIA - TERMINO TEMÁTICO | |
| Término temático o nombre geográfico como elemento de entrada | Hermenéutica |
| 9 (RLIN) | 418 |
| 650 #7 - ASIENTO SECUNDARIO DE MATERIA - TERMINO TEMÁTICO | |
| Término temático o nombre geográfico como elemento de entrada | Teología dogmática |
| 9 (RLIN) | 6937 |
| 650 #7 - ASIENTO SECUNDARIO DE MATERIA - TERMINO TEMÁTICO | |
| Término temático o nombre geográfico como elemento de entrada | Clero -- |
| Término temático que sigue al nombre geográfico como elemento de entrada | Actividad política |
| 9 (RLIN) | 41 |
| 773 0# - ASIENTO DE ITEM FUENTE | |
| Biblionumber | 70111 |
| Itemnumber | 82800 |
| Lugar, editorial y fecha de publicación | Bogotá, Colombia : |
| Otro identificador del ítem | R2663 |
| Título | Ecclesiastica Xaveriana |
| Número de control del registro | (CO-MdFUSB)768714001 |
| Parte(s) relacionada(s) / Volumen., número. (mes año), páginas | Volumen 21, (número 1, 1971) páginas: 28 - 48 |
| Enumeración y primera página | página: 28 |
| 942 ## - TIPO DE MATERIAL (KOHA) | |
| Tipo de Item KOHA | Artículos de Revista |
| 945 ## - INFORMACIÓN LOCAL DEL REGISTRO | |
| Catalogador | Catherine Arias Álvarez - Practicante SENA |
No hay ítems disponibles.
